<?xml version="1.0" encoding="UTF-8"?>
<marc:record xmlns:marc="http://www.loc.gov/MARC21/slim">
   <marc:leader>00000nam a2200000 a 4500</marc:leader>
   <marc:datafield ind1="1" ind2=" " tag="100">
      <marc:subfield code="a">Sohr, Ilka</marc:subfield>
      <marc:subfield code="4">aut</marc:subfield>
      <marc:subfield code="e">Verfasser/-in</marc:subfield>
   </marc:datafield>
   <marc:datafield ind1="1" ind2=" " tag="100">
      <marc:subfield code="a">Roder, Torsten</marc:subfield>
      <marc:subfield code="4">aut</marc:subfield>
      <marc:subfield code="e">Verfasser/-in</marc:subfield>
   </marc:datafield>
   <marc:datafield ind1="1" ind2=" " tag="100">
      <marc:subfield code="a">Eumann, Jens</marc:subfield>
      <marc:subfield code="4">aut</marc:subfield>
      <marc:subfield code="e">Verfasser/-in</marc:subfield>
   </marc:datafield>
   <marc:datafield ind1=" " ind2=" " tag="653">
      <marc:subfield code="a">Tropischer Regenwald</marc:subfield>
   </marc:datafield>
   <marc:datafield ind1=" " ind2=" " tag="653">
      <marc:subfield code="a">Überleben</marc:subfield>
   </marc:datafield>
   <marc:datafield ind1=" " ind2=" " tag="653">
      <marc:subfield code="a">Erlebnisbericht</marc:subfield>
   </marc:datafield>
   <marc:datafield ind1="0" ind2="0" tag="245">
      <marc:subfield code="a">Durchs Paradies der grünen Hölle</marc:subfield>
   </marc:datafield>
   <marc:datafield ind1="0" ind2="0" tag="245">
      <marc:subfield code="b">Überleben im amazonischen Urwald</marc:subfield>
   </marc:datafield>
   <marc:datafield ind1="0" ind2="0" tag="245">
      <marc:subfield code="c">Ilka Sohr, Torsten Roder und Jens Eumann</marc:subfield>
   </marc:datafield>
   <marc:datafield ind1=" " ind2="1" tag="264">
      <marc:subfield code="a">Chemnitz</marc:subfield>
      <marc:subfield code="b">Chemnitzer Verl.</marc:subfield>
      <marc:subfield code="c">2008</marc:subfield>
   </marc:datafield>
   <marc:datafield ind1=" " ind2=" " tag="250">
      <marc:subfield code="a">1. Aufl.</marc:subfield>
   </marc:datafield>
   <marc:datafield ind1="1" ind2=" " tag="520">
      <marc:subfield code="a">Angaben aus der Verlagsmeldung

Durchs Paradies der grünen Hölle : Überleben im amazonischen Urwald / von Jens Eumann

Die letzten weißen Flecken der Erdkarte sind grün. Zu Fuß über Hunderte Kilometer durch unbewohnte amazonische Wildnis, die Kamera im Anschlag, die Machete in der Hand. Manche nennen das Expedition. Für Ilka Sohr und Torsten Roder ist es Urlaub. Ihr Beruf: Survivaltrainer, ihre Berufung: Umweltschutz.

Den Weg kreuzende Jaguare, nachts ins Camp krabbelnde Kaimane, auf Tuchfühlung mit textilhungrigen Blattschneider-Ameisen und anschmiegsamen, aber giftigen Korallenschlangen. „Pass bloß auf, die verarschen Dich!“ Das sagte berufsbedingte Skepsis dem Journalisten Jens Eumann, als er das Globetrotterpaar zum ersten Mal traf. Doch Sohr und Roder dokumentierten ihre Reisen mit Fotos – und traten schließlich den letzten Beweis an: Komm einfach mit! Ziel der Reise: Das kaum erforschte Quellgebiet des Rio Madidi im unbesiedelten Westteil des gleichnamigen Nationalparks, eine der an Tier- und Pflanzenarten reichsten Regionen der Erde. Und ein Gebiet, in dem man den sich der Zivilisation verschließenden Stamm der Toromona vermutet, das letzte ethnologische Rätsel Boliviens. In den letzten 20 Jahren verschwanden im Madidigebiet mehrere Expeditionsreisende spurlos.

Zu Fuß zu den Madidi-Quellen, zurück mit einem selbst gebauten Floß über die Stromschnellen des durch dampfenden Urwald mäandernden Flusses. Doch Piranhas, Kaimane, Anakondas, Stachelrochen, Schweißbienen, keiner schlug den Hunger des Madidi, der sich binnen Stunden vom friedlichen Strom zum reißenden Monster wandeln kann, das alles zu verschlingen droht. Übertroffen wird seine Gewalt nur von einem Säugetier. Und es ist diese Erkenntnis, die Ilka Sohr und Torsten Roder zu Umweltaktivisten gemacht hat: Das größte Raubtier bleibt der Mensch!
</marc:subfield>
   </marc:datafield>
   <marc:datafield ind1=" " ind2=" " tag="020">
      <marc:subfield code="a">9783937025414</marc:subfield>
      <marc:subfield code="9">9783937025414</marc:subfield>
   </marc:datafield>
   <marc:datafield ind1=" " ind2=" " tag="020">
      <marc:subfield code="a">3937025413</marc:subfield>
      <marc:subfield code="9">3937025413</marc:subfield>
   </marc:datafield>
   <marc:datafield ind1=" " ind2=" " tag="041">
      <marc:subfield code="a">ger</marc:subfield>
   </marc:datafield>
   <marc:datafield ind1=" " ind2=" " tag="300">
      <marc:subfield code="a">188 S.</marc:subfield>
   </marc:datafield>
</marc:record>
